Sports Quiz

Random Sports or Numbers Quiz

Famous Brooklyn/Los Angeles Dodgers Quiz Stats

Quiz not verified by Sporcle

Challenge
Share
Tweet
Embed
Score 0/10 Timer 05:00
0 Plays Today
Number Player % Correct
42Jackie Robinson
96.2%
1Pee Wee Reese
93%
32Sandy Koufax
92.4%
BroadcasterVin Scully
90.5%
4Duke Snider
88%
53Don Drysdale
87.3%
39Roy Campanella
82.3%
OwnerWalter O'Malley
69%
20Don Sutton
51.3%
19Jim Gilliam
48.1%

You're not logged in!

Compare scores with friends on all Sporcle quizzes.
Join for Free
OR
Log In

You Might Also Like...

Show Comments

Extras

Top Quizzes Today


Score Distribution

Your Account Isn't Verified!

In order to create a playlist on Sporcle, you need to verify the email address you used during registration. Go to your Sporcle Settings to finish the process.

Report this User

Report this user for behavior that violates our Community Guidelines.

Details: